000 01037nam a2200337 a 4500
001 22725
003 SK-KTurca
005 20260421153948.0
008 240313s2005 xo g 000 f slo
015 _aSNBA2005/04-01589
020 _a8055109729
_q(brož.)
035 _aA3BCF05A-1946-478B-B12B-E7EC1897AF68
035 _aurn:nbn:sk:snk-amjdwz
035 _aurn:nbn:sk:snk-am000xx6
040 _aSNK
_bslo
_cSNK
041 1 _aslo
_heng
_hENG (UNESCO)
044 _axo
072 7 _a821.111(73)-3
_xAmerická próza
_2konspekt
080 _a821.111 (73)-31
_21997
080 _a(0:82-312.5)
_21997
100 1 _aQuick, Amanda,
_d1948-
_4aut
240 1 0 _aWith this ring
_lSlovensky
245 1 0 _aBeriem si ťa
_cAmanda Quicková; [z anglického originálu preložila Erika Hažírová]
250 _a[1. vyd.]
260 _aBratislava
_bIkar
_c2005
300 _a319 s.
_c18 cm
655 7 _aamerické romány
_2SNKPH
655 7 _aľúbostné romány
_2SNKPH
700 1 _aHažírová, Erika
_4trl
942 _2ddc
_cKLDO
_n0
999 _c22725
_d22725